| 000 | 00432nam a22001817a 4500 | ||
|---|---|---|---|
| 003 | CEME | ||
| 005 | 20210628203518.0 | ||
| 008 | 210119b xxu||||| |||| 00| 0 eng d | ||
| 020 | _a0-07-223138-6 | ||
| 040 | _c. | ||
| 082 | _a005.72 YOI | ||
| 100 |
_aYoung, Carl _965928 |
||
| 245 | _aCarl young's adobe acrobat 6.0 | ||
| 260 | _bMCGRAW HILL | ||
| 300 | _aXXII,390P | ||
| 650 |
_aADOBE ACROBAT 6.0 _965929 |
||
| 942 |
_cBK _2ddc |
||
| 999 |
_c574000 _d574000 |
||